00325nam a2200121Ia 4500008004100000041000800041082001600049100002200065245004500087260003800132300002400170365000900194240624s9999 xx 000 0 und d aeng a332.632 FAB aFABOZZI FABOZZI J aSECURITIES LENDING AND REPURCHASES AGREE c1996aBostonbJohn Wiley and Sons a266 : p. : cm. ; 24 cb30